[Event "Oslo Esports Cup 2022"]
[Site "Oslo NOR"]
[Date "2022.04.27"]
[Round "6.2"]
[White "Praggnanandhaa, R"]
[Black "Duda, Jan-Krzysztof"]
[Result "0-1"]
[WhiteTitle "GM"]
[BlackTitle "GM"]
[WhiteElo "2624"]
[BlackElo "2750"]
[WhiteFideId "25059530"]
[BlackFideId "1170546"]
[EventDate "2022.04.22"]

1. d4 Nf6 2. c4 g6 3. Nc3 d5 4. cxd5 Nxd5 5. e4 Nxc3 6. bxc3 Bg7 7. Bc4 c5 8.
Ne2 O-O 9. Be3 Nc6 10. O-O e6 11. dxc5 Qa5 12. f4 Rd8 13. Qe1 Qa4 14. Bb3 Qxe4
15. Ng3 Qd3 16. Rc1 Bd7 17. Qf2 Na5 18. Bc2 Qa6 19. Bd4 Bxd4 20. cxd4 Bb5 21.
Rfd1 f5 22. h4 Rd7 23. Re1 Rad8 24. c6 Nxc6 25. Rxe6 Qxa2 26. Qe3 Nxd4 27. Re8+
Kf7 28. Rxd8 Rxd8 29. Bb1 Qd5 30. Qa3 Qd6 31. Ba2+ Kg7 32. Qe3 Re8 33. Rc7+ Kh6
34. Qc1 Bc6 35. Rf7 Re2 36. Kh2 Rxg2+ 37. Kh3 Rxg3+ 0-1

[Event "Oslo Esports Cup 2022"]
[Site "Oslo NOR"]
[Date "2022.04.27"]
[Round "6.3"]
[White "Van Foreest, Jorden"]
[Black "Mamedyarov, Shakhriyar"]
[Result "1/2-1/2"]
[WhiteTitle "GM"]
[BlackTitle "GM"]
[WhiteElo "2714"]
[BlackElo "2771"]
[WhiteFideId "1039784"]
[BlackFideId "13401319"]
[EventDate "2022.04.22"]

1. e4 e5 2. Nf3 Nc6 3. Nc3 Nf6 4. d4 exd4 5. Nxd4 Bb4 6. Nxc6 bxc6 7. Bd3 d5 8.
exd5 O-O 9. O-O Bg4 10. f3 Bh5 11. Bg5 Qd6 12. Qe1 cxd5 13. Qh4 Bxc3 14. bxc3
Bg6 15. Bxf6 Qxf6 16. Qxf6 gxf6 17. Rab1 Rfe8 18. Kf2 Re6 19. Rfe1 Rc6 20. Rb3
Kf8 21. g4 Bxd3 22. cxd3 Ra6 23. Re2 Re8 24. Rc2 Rb6 25. Ra3 a6 26. Ra5 c6 27.
Re2 Re6 28. c4 Ke7 29. cxd5 cxd5 30. Rxd5 Rxe2+ 31. Kxe2 Rb2+ 32. Ke3 Rxa2 33.
Rh5 a5 34. Rxh7 a4 35. Rh8 a3 36. Ra8 f5 37. gxf5 Kf6 38. Kf4 Ra1 39. Ra6+ Kg7
40. Ke5 a2 41. Kf4 Rd1 42. Rxa2 Rxd3 43. Ra4 Rd1 44. Kg5 Rd6 45. Rg4 Rh6 46. h4
Rb6 47. Rf4 Ra6 48. Rg4 Rb6 49. Rc4 Ra6 50. Rc7 Ra1 51. f6+ Kg8 52. Kh6 Ra8 53.
Rc4 Kh8 54. Rc5 Rb8 55. Rc7 Kg8 56. f4 Ra8 57. Rc5 Kh8 58. Kg5 Kh7 59. Rc7 Ra5+
60. f5 Kg8 61. h5 Ra1 62. Kh6 Ra8 63. Rc2 Kh8 64. Kg5 Ra1 65. Rc8+ Kh7 66. Rf8
Ra7 67. Kf4 Rb7 68. Re8 Rb1 69. Re7 Kg8 70. Re2 Kh7 71. Rg2 Kh6 72. Rg8 Rb4+ 73.
Ke5 Kxh5 74. Kd6 Rb7 75. Rg2 Ra7 76. Rg1 Kh6 77. Ke5 Ra5+ 78. Kd6 Ra7 79. Rg7
Kh5 80. Kd5 Kh6 81. Kc5 Ra5+ 82. Kd6 Ra7 83. Ke5 Kh5 84. Rg8 Ra5+ 85. Kf4 Ra4+
86. Ke5 Ra5+ 87. Kf4 Ra4+ 88. Ke5 Ra5+ 1/2-1/2

[Event "Oslo Esports Cup 2022"]
[Site "Oslo NOR"]
[Date "2022.04.27"]
[Round "6.3"]
[White "Duda, Jan-Krzysztof"]
[Black "Praggnanandhaa, R"]
[Result "1/2-1/2"]
[WhiteTitle "GM"]
[BlackTitle "GM"]
[WhiteElo "2750"]
[BlackElo "2624"]
[WhiteFideId "1170546"]
[BlackFideId "25059530"]
[EventDate "2022.04.22"]

1. c4 e5 2. Nc3 Bb4 3. Nd5 Be7 4. d4 exd4 5. Qxd4 Nf6 6. Nxe7 Qxe7 7. Bg5 Nc6 8.
Qc3 d6 9. Bxf6 Qxf6 10. Qxf6 gxf6 11. e3 Rg8 12. Ne2 Be6 13. Nc3 O-O-O 14. O-O-O
Ne7 15. g3 d5 16. c5 b6 17. b4 Nc6 18. b5 d4 19. Ne4 Nb4 20. exd4 Nxa2+ 21. Kb2
f5 22. Nf6 Rg6 23. d5 Rxf6 24. Bc4 Nb4 25. dxe6 fxe6 26. Rxd8+ Kxd8 27. Rd1+ Ke7
28. c6 Rf7 29. Re1 Rf6 30. Rd1 Rf7 31. Re1 Rf6 32. Rd1 1/2-1/2

[Event "Oslo Esports Cup 2022"]
[Site "Oslo NOR"]
[Date "2022.04.27"]
[Round "6.3"]
[White "Giri, Anish"]
[Black "Le, Quang Liem"]
[Result "1/2-1/2"]
[WhiteTitle "GM"]
[BlackTitle "GM"]
[WhiteElo "2773"]
[BlackElo "2709"]
[WhiteFideId "24116068"]
[BlackFideId "12401137"]
[EventDate "2022.04.22"]

1. d4 Nf6 2. c4 e6 3. Nc3 Bb4 4. Nf3 d5 5. e3 O-O 6. Bd2 b6 7. cxd5 exd5 8. Bd3
Bb7 9. Qb1 Re8 10. O-O Nbd7 11. Ne2 Bd6 12. b4 Ne4 13. b5 a5 14. a4 Nxd2 15.
Nxd2 Nf6 16. Qc2 g6 17. Rae1 Rc8 18. Qb3 Bb4 19. Rd1 c5 20. bxc6 Bxc6 21. Nf3
Re7 22. Ra1 Rec7 23. Ne5 Be8 24. Ba6 Ra8 25. Bb5 Rac8 26. Ba6 Ra8 27. Bb5 Rac8
28. Qd3 Ne4 29. Nf4 Nc3 30. Bxe8 Qxe8 31. h3 Bd6 32. Ng4 Kg7 33. Rfe1 h5 34. Nh2
Re7 35. Rec1 Rec7 36. Re1 Qe4 37. Qd2 Bb4 38. f3 Qe8 39. Qd3 Rc4 40. Rf1 Bd6 41.
Rae1 1/2-1/2

[Event "Oslo Esports Cup 2022"]
[Site "Oslo NOR"]
[Date "2022.04.27"]
[Round "6.4"]
[White "Mamedyarov, Shakhriyar"]
[Black "Van Foreest, Jorden"]
[Result "1-0"]
[WhiteTitle "GM"]
[BlackTitle "GM"]
[WhiteElo "2771"]
[BlackElo "2714"]
[WhiteFideId "13401319"]
[BlackFideId "1039784"]
[EventDate "2022.04.22"]

1. d4 Nf6 2. c4 g6 3. g3 c6 4. Bg2 d5 5. Qa4 Nfd7 6. cxd5 Nb6 7. Qd1 cxd5 8. a4
Bg7 9. Nc3 e6 10. e3 Nc6 11. Nge2 O-O 12. O-O Nc4 13. b3 Nd6 14. Ba3 Re8 15. Rc1
Bf8 16. Nf4 Bd7 17. Nd3 Rc8 18. Nc5 b6 19. Nxd7 Qxd7 20. Re1 a5 21. Bf1 Nb4 22.
Bxb4 axb4 23. Bb5 Nxb5 24. Nxb5 Rxc1 25. Qxc1 Rc8 26. Qb1 h5 27. h4 Be7 28. Rc1
Kg7 29. Rc2 Bf6 30. Qc1 Rxc2 31. Qxc2 Bd8 32. Kg2 Kg8 33. f3 f5 34. Kf2 Kg7 35.
Ke2 Kf7 36. Qd2 Be7 37. e4 Qc6 38. exf5 exf5 39. Kd3 Qe6 40. Kc2 Qc8+ 41. Kd1
Qb8 42. f4 Qc8 43. Qe2 Qe6 44. Qe5 Bf6 45. Qc7+ Kf8 46. Qb8+ Kg7 47. Qc7+ Kf8
48. a5 bxa5 49. Qxa5 Be7 50. Qa8+ Kg7 51. Qb8 Bf6 52. Qc7+ Kh6 53. Nd6 Be7 54.
Qc8 Qxc8 55. Nxc8 Bf6 56. Ke2 Bxd4 57. Ne7 Kg7 58. Nxd5 Bc5 59. Nc7 Kf7 60. Na6
Bd6 61. Kd3 Ke6 62. Kc4 g5 63. hxg5 h4 64. gxh4 Bxf4 65. Nxb4 Bd6 66. Nc6 f4 67.
Nd4+ Ke5 68. Kd3 Bc5 69. Nf3+ Kf5 70. h5 Be7 71. h6 Bf8 72. b4 1-0

[Event "Oslo Esports Cup 2022"]
[Site "Oslo NOR"]
[Date "2022.04.27"]
[Round "6.5"]
[White "Van Foreest, Jorden"]
[Black "Mamedyarov, Shakhriyar"]
[Result "1/2-1/2"]
[WhiteTitle "GM"]
[BlackTitle "GM"]
[WhiteElo "2714"]
[BlackElo "2771"]
[WhiteFideId "1039784"]
[BlackFideId "13401319"]
[EventDate "2022.04.22"]

1. e4 e5 2. Nf3 Nc6 3. Bc4 Bc5 4. c3 Nf6 5. d3 O-O 6. O-O d5 7. exd5 Nxd5 8.
Nbd2 Nb6 9. Bb5 Bd6 10. Ne4 f5 11. Nxd6 cxd6 12. d4 e4 13. Ng5 d5 14. Nh3 Bd7
15. a4 Ne7 16. Be2 a5 17. f3 Ng6 18. fxe4 fxe4 19. Nf4 Nxf4 20. Bxf4 Bc6 21. b3
Nd7 22. Qd2 Kh8 23. Rf2 Qe7 24. Raf1 Rae8 25. Qe3 Qe6 26. h3 Qg6 27. Kh2 h6 28.
Bc7 Rxf2 29. Rxf2 b6 30. Bg4 Rf8 31. Rxf8+ Nxf8 32. Bxb6 Bd7 33. Qf4 Bxg4 34.
Qxf8+ Kh7 35. hxg4 Qxb6 36. Qf5+ Kh8 37. Qc8+ Kh7 38. Qf5+ Kh8 39. Qxd5 Qc7+ 40.
Qe5 Qxc3 41. Qe8+ Kh7 42. Qxe4+ Kh8 43. d5 Qxb3 44. d6 Qd1 45. Qe8+ Kh7 46. d7
Qd6+ 47. Kg1 Qd4+ 48. Kf1 Qd1+ 49. Kf2 Qd4+ 50. Kf3 Qd1+ 51. Ke4 Qxa4+ 52. Ke5
Qb5+ 53. Ke6 Qc4+ 54. Ke7 Qc5+ 55. Kf7 Qf2+ 56. Ke6 Qb6+ 57. Kd5 Qb5+ 58. Kd4
Qb4+ 59. Kd3 Qb3+ 60. Ke4 Qc4+ 61. Ke3 Qc3+ 62. Kf4 Qd2+ 63. Kg3 Qd6+ 64. Kf3
Qd3+ 65. Kf4 Qd2+ 66. Ke4 Qe2+ 67. Kd4 Qd2+ 68. Kc5 Qb4+ 69. Kc6 Qc4+ 70. Kb6
Qb4+ 71. Ka6 Qc4+ 72. Kb6 Qb4+ 73. Kc6 Qc4+ 74. Kd6 Qd4+ 75. Ke6 Qe4+ 76. Kd6
Qd4+ 77. Kc7 Qc5+ 78. Kb7 Qb5+ 79. Ka7 Qc5+ 80. Ka6 Qc6+ 81. Kxa5 Qc5+ 82. Ka6
Qc6+ 83. Ka7 Qc7+ 84. Ka8 Qc6+ 85. Kb8 Qb6+ 86. Kc8 Qc6+ 87. Kd8 Qb6+ 88. Kc8
Qc6+ 89. Kd8 Qb6+ 90. Kc8 1/2-1/2

[Event "Oslo Esports Cup 2022"]
[Site "Oslo NOR"]
[Date "2022.04.27"]
[Round "6.6"]
[White "Mamedyarov, Shakhriyar"]
[Black "Van Foreest, Jorden"]
[Result "1-0"]
[WhiteTitle "GM"]
[BlackTitle "GM"]
[WhiteElo "2771"]
[BlackElo "2714"]
[WhiteFideId "13401319"]
[BlackFideId "1039784"]
[EventDate "2022.04.22"]

1. d4 Nf6 2. c4 g6 3. Nc3 Bg7 4. g3 d5 5. cxd5 Nxd5 6. Bg2 Nxc3 7. bxc3 c5 8.
Nf3 Nc6 9. O-O O-O 10. d5 Ne5 11. Nxe5 Bxe5 12. Qc2 Bg7 13. Rb1 a6 14. c4 b5 15.
cxb5 axb5 16. Rxb5 c4 17. Rc5 c3 18. Rxc3 Bxc3 19. Qxc3 Rxa2 20. Bh6 f6 21. d6
Be6 22. Bxf8 Kxf8 23. dxe7+ Qxe7 24. Rb1 Ra7 25. h4 Kg7 26. e3 Rc7 27. Qa5 Ra7
28. Qb6 Bf5 29. Rc1 Be6 30. Bf3 Bf7 31. Kg2 Rd7 32. Rc6 Qe5 33. Rc5 Qd6 34. Qa5
h5 35. Qc3 Re7 36. e4 Re5 37. Rc6 Qd8 38. Kh2 Qa5 39. Qc1 Qa7 40. Rc2 Ra5 41.
Qd2 Ra2 42. Rxa2 Qxa2 43. Qxa2 Bxa2 44. Bg2 Kf7 45. f4 Ke7 46. Kg1 Kd6 47. Kf2
Ke7 48. Ke3 Bf7 49. Kd4 Be8 50. Bf1 Bc6 51. Bd3 Bd7 52. e5 Be8 53. Bc4 Bd7 54.
Kc5 Bf5 55. Bb5 Ke6 56. Kd4 Bg4 57. Bd3 Kf7 58. Kd5 Ke7 59. Bxg6 Bf3+ 60. Kd4
Bg4 61. Bd3 Ke6 62. Bc4+ Ke7 63. Ke3 Bf5 64. Be2 Bg6 65. g4 hxg4 66. Bxg4 fxe5
67. fxe5 Kf7 68. Kf4 Kg7 69. Kg5 Bf7 70. h5 Bb3 71. h6+ Kh7 72. Bf5+ Kh8 73. Kf6
Bc4 74. Be6 Be2 75. Bf5 Bc4 76. Bg6 Kg8 77. Bf7+ 1-0

[Event "Oslo Esports Cup 2022"]
[Site "Oslo NOR"]
[Date "2022.04.28"]
[Round "7.1"]
[White "Mamedyarov, Shakhriyar"]
[Black "Carlsen, Magnus"]
[Result "1/2-1/2"]
[WhiteTitle "GM"]
[BlackTitle "GM"]
[WhiteElo "2771"]
[BlackElo "2864"]
[WhiteFideId "13401319"]
[BlackFideId "1503014"]
[EventDate "2022.04.22"]

1. d4 Nf6 2. c4 g6 3. Nf3 Bg7 4. e3 O-O 5. Be2 c5 6. dxc5 Na6 7. O-O Nxc5 8. b4
Nce4 9. Bb2 b6 10. Nbd2 Bb7 11. Nxe4 Nxe4 12. Bxg7 Kxg7 13. Qd4+ Nf6 14. Rfd1
Qc7 15. Ne5 Rfd8 16. Ng4 a5 17. Nxf6 exf6 18. Qd6 Qxd6 19. Rxd6 axb4 20. Rxb6
Bc6 21. Rxb4 Ra5 22. Bd1 Rda8 23. a4 Kf8 24. f3 Ke7 25. Bb3 h5 26. Kf2 Rc5 27.
e4 f5 28. exf5 Rxf5 29. Rd1 Rfa5 30. Rb5 Bxb5 31. cxb5 Rxa4 32. Bxa4 Rxa4 33.
Rb1 Kd8 34. b6 Kc8 35. Rc1+ Kb7 36. Rc7+ Kxb6 37. Rxd7 Rf4 38. Kg3 Rf5 39. Rd4
Kc5 40. Rf4 Rxf4 41. Kxf4 f6 42. g4 hxg4 43. fxg4 Kd5 44. h4 Ke6 45. h5 gxh5 46.
gxh5 Kf7 47. Kf5 Kg7 48. h6+ Kxh6 49. Kxf6 1/2-1/2

[Event "Oslo Esports Cup 2022"]
[Site "Oslo NOR"]
[Date "2022.04.28"]
[Round "7.1"]
[White "Praggnanandhaa, R"]
[Black "Giri, Anish"]
[Result "0-1"]
[WhiteTitle "GM"]
[BlackTitle "GM"]
[WhiteElo "2624"]
[BlackElo "2773"]
[WhiteFideId "25059530"]
[BlackFideId "24116068"]
[EventDate "2022.04.22"]

1. d4 Nf6 2. c4 g6 3. Nc3 Bg7 4. e4 d6 5. Be2 O-O 6. Nf3 e5 7. O-O Bg4 8. d5 a5
9. h3 Bxf3 10. Bxf3 Kh8 11. Bg5 h6 12. Be3 Nbd7 13. a3 Nh7 14. Qd2 f5 15. Bxh6
Qh4 16. Bxg7+ Kxg7 17. exf5 gxf5 18. Bd1 f4 19. Bg4 Ndf6 20. f3 Ng5 21. Qf2 Qh7
22. Be6 Rae8 23. c5 Kh8 24. Bg4 Nxg4 25. fxg4 Rf6 26. cxd6 cxd6 27. h4 Rh6 28.
h5 Qd7 29. Qh4 Rg8 30. Rac1 b5 31. Nd1 Ne4 32. Nf2 Nxf2 33. Rxf2 Rxg4 34. Rc7
Qf5 35. Qe7 Rg8 36. Qf7 Rf6 37. Qe7 f3 38. Rc3 e4 39. Re3 Rxg2+ 40. Kf1 Qg5 41.
Qe8+ Kg7 42. h6+ Kxh6 43. Qh8+ Kg6 44. Qg8+ Kh5 45. Qxg5+ Rxg5 46. Rh2+ Kg4 47.
Rxe4+ Rf4 48. Re6 Rxd5 49. Rg6+ Kf5 50. Rh5+ Ke4 51. Rhh6 Rd1+ 52. Kf2 Rd2+ 53.
Kf1 Rxb2 54. Rxd6 Ke3 55. Rhe6+ Re4 56. Rxe4+ Kxe4 57. Re6+ Kd3 0-1

[Event "Oslo Esports Cup 2022"]
[Site "Oslo NOR"]
[Date "2022.04.28"]
[Round "7.1"]
[White "Le, Quang Liem"]
[Black "Van Foreest, Jorden"]
[Result "1-0"]
[WhiteTitle "GM"]
[BlackTitle "GM"]
[WhiteElo "2709"]
[BlackElo "2714"]
[WhiteFideId "12401137"]
[BlackFideId "1039784"]
[EventDate "2022.04.22"]

1. d4 d5 2. c4 c6 3. Nf3 Nf6 4. Nc3 dxc4 5. a4 Bf5 6. e3 e6 7. Bxc4 Bb4 8. O-O
O-O 9. Nh4 Bg6 10. Nxg6 hxg6 11. Qb3 Qe7 12. e4 Bxc3 13. bxc3 Nxe4 14. Re1 Nd6
15. Ba3 Re8 16. Bd3 Qc7 17. Bxg6 fxg6 18. Rxe6 Qf7 19. Rae1 Rxe6 20. Rxe6 Nd7
21. Bxd6 Nf8 22. Bxf8 Re8 23. d5 Rxf8 24. f3 cxd5 25. Qxd5 Kh7 26. Qe4 Qf5 27.
Kf2 Qxe4 28. Rxe4 Rc8 29. Rh4+ Kg8 30. Rb4 b6 31. Rb3 Rc4 32. Ra3 Kf7 33. Ke3
Ke6 34. Kd3 Kd5 35. Ra2 g5 36. h3 g6 37. g3 Rc6 38. Rb2 a6 39. Rb4 Rf6 40. Ke3
Rc6 41. Rd4+ Ke5 42. Kd3 Rf6 43. f4+ gxf4 44. Re4+ Kd5 45. Rxf4 Rc6 46. Rg4 Ke5
47. h4 Rd6+ 48. Ke3 Rc6 49. c4 Kf6 50. Rd4 Ke6 51. Re4+ Kf6 52. Kd4 Rd6+ 53. Kc3
Kf5 54. Rd4 Re6 55. Kb4 Re1 56. Rd5+ Ke6 57. Rg5 Rb1+ 58. Kc3 Kf6 59. a5 b5 60.
cxb5 axb5 61. Rg4 Ra1 62. Rf4+ Ke6 63. Kb4 Kd6 64. Kxb5 Rb1+ 65. Rb4 Rg1 66. Kb6 1-0

[Event "Oslo Esports Cup 2022"]
[Site "Oslo NOR"]
[Date "2022.04.28"]
[Round "7.2"]
[White "Van Foreest, Jorden"]
[Black "Le, Quang Liem"]
[Result "1-0"]
[WhiteTitle "GM"]
[BlackTitle "GM"]
[WhiteElo "2714"]
[BlackElo "2709"]
[WhiteFideId "1039784"]
[BlackFideId "12401137"]
[EventDate "2022.04.22"]

1. e4 e5 2. Nf3 Nc6 3. Bb5 a6 4. Ba4 Nf6 5. O-O Nxe4 6. d4 b5 7. Bb3 d5 8. dxe5
Be6 9. c3 Bc5 10. Nbd2 O-O 11. Bc2 Nxf2 12. Rxf2 f6 13. Qe2 fxe5 14. Nb3 Bxf2+
15. Qxf2 e4 16. Qe1 Bg4 17. Bg5 Qd6 18. Nfd4 Ne5 19. Qg3 Rae8 20. Be3 c5 21.
Nxb5 axb5 22. Bxc5 Qf6 23. Bxf8 Rxf8 24. Nd4 Nc4 25. Bb3 h5 26. h3 Bd7 27. Bxc4
bxc4 28. a4 h4 29. Qe3 Bxa4 30. Rxa4 Qf1+ 31. Kh2 Qd1 32. Qg5 Qxa4 33. Qxd5+ Rf7
34. Nc6 e3 35. Ne7+ Kf8 36. Qd8+ Qe8 37. Ng6+ 1-0

[Event "Oslo Esports Cup 2022"]
[Site "Oslo NOR"]
[Date "2022.04.28"]
[Round "7.2"]
[White "Duda, Jan-Krzysztof"]
[Black "Hansen, Eric"]
[Result "1-0"]
[WhiteTitle "GM"]
[BlackTitle "GM"]
[WhiteElo "2750"]
[BlackElo "2606"]
[WhiteFideId "1170546"]
[BlackFideId "2606771"]
[EventDate "2022.04.22"]

1. e4 e5 2. Nf3 Nc6 3. Bb5 Nf6 4. d3 Bc5 5. Bxc6 dxc6 6. Nbd2 Nd7 7. Nc4 Qe7 8.
O-O O-O 9. c3 Bd6 10. Re1 Re8 11. d4 f6 12. dxe5 Nxe5 13. Nfxe5 Bxe5 14. Be3 b6
15. f3 Qf7 16. Nxe5 Rxe5 17. Bf4 Re8 18. Qa4 Bb7 19. Rad1 Re7 20. Re3 a5 21.
Red3 h6 22. Qb3 Qxb3 23. axb3 Kf7 24. Rd7 Rc8 25. h4 h5 26. e5 c5 27. exf6 gxf6
28. Kf2 Bc6 29. Rd8 Re8 30. Rxc8 Rxc8 31. g4 Kg6 32. Re1 Rd8 33. gxh5+ Kf5 34.
Be3 Be8 35. h6 Bg6 36. Rg1 Rd7 37. Rg4 Rh7 38. Re4 Rd7 39. Ke2 Bh5 40. Kf2 Bg6
41. Rf4+ Ke6 42. Rg4 Kf5 43. c4 Rh7 44. Bd2 Rd7 45. Bc3 Rh7 46. Kg3 Rf7 47. Re4
Bh5 48. Rf4+ Kg6 49. Bxf6 Kxh6 50. Bg5+ Kg6 51. Rxf7 Kxf7 52. Bd8 Bg6 53. Bxc7
Bc2 54. Bxb6 Bxb3 55. Bxa5 Bxc4 56. Bb6 1-0

[Event "Oslo Esports Cup 2022"]
[Site "Oslo NOR"]
[Date "2022.04.28"]
[Round "7.2"]
[White "Carlsen, Magnus"]
[Black "Mamedyarov, Shakhriyar"]
[Result "0-1"]
[WhiteTitle "GM"]
[BlackTitle "GM"]
[WhiteElo "2864"]
[BlackElo "2771"]
[WhiteFideId "1503014"]
[BlackFideId "13401319"]
[EventDate "2022.04.22"]

1. c4 e5 2. Nc3 Bb4 3. Nd5 Be7 4. Nf3 d6 5. d4 Nf6 6. Nxe7 Qxe7 7. e3 exd4 8.
Nxd4 O-O 9. Be2 Rd8 10. O-O c5 11. Nf3 Nc6 12. Bd2 d5 13. cxd5 Rxd5 14. Qb3 Be6
15. Bc3 Ne4 16. Bc4 Rd6 17. Bxe6 Rxe6 18. Rad1 h6 19. a4 b6 20. h3 Nxc3 21. bxc3
Rd8 22. Rxd8+ Qxd8 23. Rd1 Rd6 24. Rxd6 Qxd6 25. Qc2 g6 26. Qe4 Kg7 27. g3 a6
28. Qb1 Ne7 29. c4 Ng8 30. Qb2+ Qf6 31. Qxf6+ Nxf6 32. Ne5 Kf8 33. f3 Ke7 34.
Kf2 Ke6 35. Nd3 Ne8 36. a5 bxa5 37. Nxc5+ Kd6 38. Na4 Nc7 39. e4 Ne6 40. Ke3 Nc5
41. e5+ Kc6 42. Nc3 a4 43. f4 a3 44. g4 Ne6 45. f5 gxf5 46. gxf5 Ng7 47. f6 Ne6
48. Kd3 Kd7 49. h4 h5 50. Ke4 Kc6 51. Kd3 a5 52. Kc2 Nd4+ 53. Kb1 Kd7 54. Ne4
Nf3 55. Ng3 Nd2+ 56. Ka2 Nxc4 57. Nxh5 Ke6 58. Nf4+ Kxe5 59. Nd3+ Kxf6 60. Kb3
a4+ 61. Ka2 Kg6 62. Nc5 Kh5 63. Nxa4 f5 64. Nc3 f4 65. Kb3 f3 0-1

[Event "Oslo Esports Cup 2022"]
[Site "Oslo NOR"]
[Date "2022.04.28"]
[Round "7.2"]
[White "Giri, Anish"]
[Black "Praggnanandhaa, R"]
[Result "1/2-1/2"]
[WhiteTitle "GM"]
[BlackTitle "GM"]
[WhiteElo "2773"]
[BlackElo "2624"]
[WhiteFideId "24116068"]
[BlackFideId "25059530"]
[EventDate "2022.04.22"]

1. e4 c5 2. Nf3 Nc6 3. Bb5 g6 4. O-O Bg7 5. c3 Nf6 6. Re1 O-O 7. d4 d5 8. e5 Ne4
9. Be3 cxd4 10. cxd4 Qb6 11. Bxc6 bxc6 12. Qc1 a5 13. Nc3 a4 14. Nxe4 dxe4 15.
Nd2 Bf5 16. Qc3 Rfb8 17. b3 Qb4 18. Qxb4 Rxb4 19. a3 Rb5 20. b4 f6 21. exf6 Bxf6
22. Rac1 Rd8 23. Rxc6 Bxd4 24. Bxd4 Rxd4 25. Nb1 Rd3 26. Nc3 Rb8 27. h4 Kf8 28.
Re3 Rbd8 29. b5 Rb8 30. Kh2 Rd2 31. Kg3 Bd7 32. Rc4 Rb2 33. Rxa4 Bxb5 34. Raxe4
Rb7 35. Nd5 Rd7 36. Nxe7 Ra2 37. h5 Kg7 38. hxg6 hxg6 39. Re5 Bc4 40. Nc6 Rf7
41. Rc5 Bf1 42. Ne5 Rfxf2 43. Rc7+ Kg8 44. Ng4 Rxg2+ 45. Kf4 Rge2 46. Rf3 Bg2
47. Rfc3 Rad2 48. Nf6+ Kf8 49. Kg5 Re5+ 50. Kxg6 Be4+ 51. Nxe4 Rxe4 52. Rf3+ Ke8
53. Kf5 Re7 54. Rxe7+ Kxe7 55. Ke4 Kd6 56. Rd3+ Rxd3 57. Kxd3 Kc5 58. a4 Kb4 59.
a5 Kxa5 1/2-1/2

[Event "Oslo Esports Cup 2022"]
[Site "Oslo NOR"]
[Date "2022.04.28"]
[Round "7.3"]
[White "Mamedyarov, Shakhriyar"]
[Black "Carlsen, Magnus"]
[Result "1-0"]
[WhiteTitle "GM"]
[BlackTitle "GM"]
[WhiteElo "2771"]
[BlackElo "2864"]
[WhiteFideId "13401319"]
[BlackFideId "1503014"]
[EventDate "2022.04.22"]

1. d4 Nf6 2. c4 g6 3. Nc3 Bg7 4. g3 c5 5. dxc5 Qa5 6. Bg2 Qxc5 7. Bd2 O-O 8. Rc1
d6 9. b3 Nc6 10. Nf3 Qh5 11. h3 h6 12. g4 Qc5 13. Be3 Qa5 14. Qd2 h5 15. g5 Nd7
16. Nd5 Qd8 17. Nd4 Nc5 18. Nxc6 bxc6 19. Nb4 Qc7 20. Bxc6 Rb8 21. Bg2 a5 22.
Nd5 Qa7 23. O-O Be6 24. Rfd1 Bxd5 25. cxd5 Rb4 26. Rc2 Rc8 27. Rdc1 Be5 28. Rc4
Qb6 29. Rxb4 axb4 30. Rc4 Bc3 31. Qc2 Qa5 32. Be4 Kh7 33. Bf3 Kg8 34. Be4 Kh7
35. Bf3 Kg8 36. Kg2 Ra8 37. Bxc5 dxc5 38. d6 exd6 39. Bxa8 Qxa8+ 40. Kg1 d5 41.
Rxc5 d4 42. Qd3 Qxa2 43. Rc8+ Kh7 44. Qf3 1-0

[Event "Oslo Esports Cup 2022"]
[Site "Oslo NOR"]
[Date "2022.04.28"]
[Round "7.3"]
[White "Hansen, Eric"]
[Black "Duda, Jan-Krzysztof"]
[Result "1/2-1/2"]
[WhiteTitle "GM"]
[BlackTitle "GM"]
[WhiteElo "2606"]
[BlackElo "2750"]
[WhiteFideId "2606771"]
[BlackFideId "1170546"]
[EventDate "2022.04.22"]

1. e4 e5 2. Nf3 Nc6 3. Bb5 Nf6 4. d3 Bc5 5. O-O Nd4 6. Nxd4 Bxd4 7. c3 Bb6 8.
Ba4 O-O 9. Bg5 d5 10. Nd2 c6 11. Kh1 h6 12. Bh4 dxe4 13. dxe4 Qe7 14. Qe2 Bc7
15. Bb3 a5 16. a4 Be6 17. Bxe6 Qxe6 18. Bxf6 Qxf6 19. Nc4 Rfd8 20. g3 Qe6 21.
Kg2 g6 22. h4 h5 23. Rad1 Kg7 24. Rxd8 Rxd8 25. Rb1 Rd7 26. b3 Qe7 27. Rb2 Kh7
28. Rb1 Kg7 29. Rb2 Kh7 30. b4 axb4 31. Rxb4 Bd6 32. Rb1 Bc5 33. a5 Qe6 34. Rb2
Kg7 35. Nd2 Ba3 36. Rc2 Be7 37. Qc4 Kf6 38. Qa4 Kg7 39. Rb2 g5 40. Qc4 gxh4 41.
Qxe6 fxe6 42. Nc4 hxg3 43. fxg3 Bf6 44. Kf2 Kg6 45. Ke2 Kg5 46. Rb1 Kg4 47. Rf1
Bg7 48. Rf3 Kg5 49. Nb6 Rc7 50. Kf2 Kg4 51. Kg2 Re7 52. Rd3 h4 53. gxh4 Kxh4 54.
Nd7 Kg4 55. Rg3+ Kf4 56. Nc5 Bh6 57. Rg6 Bg5 58. Kf2 Bh4+ 59. Ke2 Rh7 60. Kd3
Kf3 61. Rxe6 Bd8 62. Rxe5 Bxa5 63. Rf5+ Kg4 64. Ne6 Rd7+ 65. Kc2 Bb6 66. Rf6 Be3
67. c4 b5 68. c5 Rd2+ 69. Kc3 Rf2 70. Rxf2 Bxf2 71. Kd3 Bg1 72. Kc3 Be3 73. Kd3
Bg1 74. Ke2 b4 75. Kd3 b3 76. Kc3 b2 77. Kxb2 Kf3 78. Ng5+ Kf4 79. Nh3+ Kxe4 80.
Nxg1 Kd5 81. Kc3 Kxc5 82. Ne2 Kd6 83. Nf4 c5 84. Kc4 Ke5 85. Nd3+ Ke4 86. Nxc5+ 1/2-1/2

[Event "Oslo Esports Cup 2022"]
[Site "Oslo NOR"]
[Date "2022.04.28"]
[Round "7.3"]
[White "Praggnanandhaa, R"]
[Black "Giri, Anish"]
[Result "0-1"]
[WhiteTitle "GM"]
[BlackTitle "GM"]
[WhiteElo "2624"]
[BlackElo "2773"]
[WhiteFideId "25059530"]
[BlackFideId "24116068"]
[EventDate "2022.04.22"]

1. d4 Nf6 2. c4 e6 3. Nf3 d5 4. Nc3 c5 5. cxd5 cxd4 6. Qxd4 exd5 7. e4 dxe4 8.
Qxd8+ Kxd8 9. Ng5 Be6 10. a3 Nbd7 11. g3 Rc8 12. Nxe6+ fxe6 13. Bh3 Ke7 14. O-O
Kf7 15. Bg2 Rc4 16. Re1 Nc5 17. Be3 Nd3 18. Re2 Bc5 19. Bxc5 Nxc5 20. Nb5 Rd8
21. Nxa7 Nb3 22. Rb1 Nd4 23. Re3 Ra4 24. Rc1 Rxa7 25. Rc7+ Rd7 26. Rxd7+ Nxd7
27. Rxe4 Nf5 28. Rb4 Nd6 29. h4 Ke7 30. Rg4 g6 31. Rb4 Nf6 0-1

[Event "Oslo Esports Cup 2022"]
[Site "Oslo NOR"]
[Date "2022.04.28"]
[Round "7.3"]
[White "Le, Quang Liem"]
[Black "Van Foreest, Jorden"]
[Result "1/2-1/2"]
[WhiteTitle "GM"]
[BlackTitle "GM"]
[WhiteElo "2709"]
[BlackElo "2714"]
[WhiteFideId "12401137"]
[BlackFideId "1039784"]
[EventDate "2022.04.22"]

1. d4 d5 2. c4 c6 3. Nf3 Nf6 4. Nc3 dxc4 5. a4 Bf5 6. e3 e6 7. Bxc4 Bb4 8. O-O
h6 9. Qe2 O-O 10. e4 Bg6 11. Bd3 Nbd7 12. Rd1 Re8 13. Bf4 Rc8 14. h3 Qa5 15. Nd2
Qd8 16. Nc4 Nf8 17. a5 Bh5 18. g4 Bg6 19. Na4 Qe7 20. Nc5 Red8 21. Qe3 Rxd4 22.
Qxd4 Bxc5 23. Bd6 Bxd4 24. Bxe7 e5 25. Nd6 Rc7 26. Bxf6 gxf6 27. Bc4 Ne6 28. Ne8
Re7 29. Nxf6+ Kg7 30. Bxe6 Kxf6 31. Bf5 Bxf5 32. gxf5 Kg5 33. Ra3 c5 34. Rg3+
Kf6 35. Rc1 b5 36. axb6 axb6 37. Rb3 Rb7 38. Ra1 b5 39. Ra6+ Kg5 40. Rf3 Bxb2
41. f6 c4 42. Ra8 Bc1 43. Rg8+ Kh5 44. Rf5+ Bg5 45. Rxe5 b4 46. f4 b3 47. Rh8
Kg6 48. fxg5 hxg5 49. Rg8+ Kxf6 50. Rgxg5 b2 51. Rgf5+ Kg7 52. Rf1 b1=R 53. Rxb1
Rxb1+ 54. Kf2 Rb2+ 55. Ke3 Rb3+ 56. Kd4 Rxh3 57. Kxc4 Kf6 58. Rf5+ Ke6 59. Kd4
Ra3 60. Re5+ Kf6 1/2-1/2